| 000 | 00460cam a22001337a 4500 | ||
|---|---|---|---|
| 008 | 180718b1966 xxu||||| |||| 00| 0 eng d | ||
| 082 | _aT112x54 In2/3 | ||
| 245 |
_aPapers on national income and alied topics, v.3 _cby Indian Association for Research in National Income and Wealth |
||
| 260 |
_aBombay _bAsia _c1966 |
||
| 300 | _a264p. | ||
| 500 | _aRs.42.00 | ||
| 650 | _aIncome - India | ||
| 700 | _aIndian Association for Research in National Income and Wealth | ||
| 999 |
_c369613 _d369613 |
||